The business cycle in the post-war world : (Record no. 45353)
[ view plain ]
| 000 -LEADER | |
|---|---|
| fixed length control field | 00852nam a2200229 a 4500 |
| 001 - CONTROL NUMBER | |
| control field | 45353 |
| 003 - CONTROL NUMBER IDENTIFIER | |
| rucl marc code | BD-RjUL |
| 005 - DATE AND TIME OF LATEST TRANSACTION | |
| control field | 20211209054011.0 |
| 008 - FIXED-LENGTH DATA ELEMENTS--GENERAL INFORMATION | |
| fixed length control field | 16 r19571955enka b 101 0 eng |
| 035 ## - SYSTEM CONTROL NUMBER | |
| System control number | (BD-RjUL)45471 |
| 040 ## - CATALOGING SOURCE | |
| Original cataloging agency | DLC |
| Transcribing agency | OCP |
| Modifying agency | BD-RjUL |
| -- | SER |
| -- | UKM |
| Language of cataloging | eng |
| 041 ## - LANGUAGE CODE | |
| Language code of text/sound track or separate title | eng |
| 082 ## - DEWEY DECIMAL CLASSIFICATION NUMBER | |
| Classification number | 338.542 |
| Edition number | 23 |
| Author mark and year | BUS 1957 |
| 110 2# - MAIN ENTRY--CORPORATE NAME | |
| Corporate name or jurisdiction name as entry element | International Economic Association. |
| 9 (RLIN) | 130641 |
| 245 14 - TITLE STATEMENT | |
| Title | The business cycle in the post-war world : |
| Remainder of title | proceedings of a conference held by the International Economic Association / |
| Statement of responsibility, etc. | edited by Erik Lundberg, assisted by A.D. Knox. |
| 260 ## - PUBLICATION, DISTRIBUTION, ETC. (IMPRINT) | |
| Place of publication, distribution, etc. | London : |
| Name of publisher, distributor, etc. | St. Martin's Press, |
| Date of publication, distribution, etc. | 1957 |
| 300 ## - PHYSICAL DESCRIPTION | |
| Pagination | xvi, 366 p. : |
| Illustrations | ill. ; |
| Size | 23 cm. |
| 504 ## - BIBLIOGRAPHY, ETC. NOTE | |
| Bibliography, etc | Includes bibliographies. Bibliographical footnotes. |
| 650 #0 - SUBJECT ADDED ENTRY--TOPICAL TERM | |
| Topical term or geographic name as entry element | Business cycles |
| Form subdivision | Congresses |
| 9 (RLIN) | 138873 |
| 700 1# - ADDED ENTRY--PERSONAL NAME | |
| Personal name | Lundberg, Erik, |
| Dates associated with a name | 1907- |
| 942 ## - ADDED ENTRY ELEMENTS (KOHA) | |
| Source of classification or shelving scheme | Dewey Decimal Classification |
| Koha item type | Books |
| Lost status | Source of classification or shelving scheme | Damaged status | Not for loan | Collection code | Permanent Location | Current Location | Shelving location | Date acquired | Source of acquisition | Cost, normal purchase price | Total Checkouts | Full call number | Date last seen | Copy number | Koha item type |
|---|---|---|---|---|---|---|---|---|---|---|---|---|---|---|---|
| Dewey Decimal Classification | Non-fiction | Central Library, University of Rajshahi | Central Library, University of Rajshahi | 29/10/1965 | Zeitlinger | 30.00 | 338.542 BUS 1957 | 25/07/2016 | C-2 | Books | |||||
| Dewey Decimal Classification | Non-fiction | Central Library, University of Rajshahi | Central Library, University of Rajshahi | 29/10/1965 | Zeitlinger | 30.00 | 338.542 BUS 1955 | 25/07/2016 | C-3 | Books | |||||
| Dewey Decimal Classification | Non-fiction | Central Library, University of Rajshahi | Central Library, University of Rajshahi | 29/10/1965 | Zeitlinger | 30.00 | 338.542 BUS 1955 | 25/07/2016 | C-4 | Books | |||||
| Dewey Decimal Classification | Non-fiction | Central Library, University of Rajshahi | Central Library, University of Rajshahi | 17/12/1957 | Pak American com | 22.80 | 338.542 BUS 1957 | 25/07/2016 | C-5 | Books | |||||
| Dewey Decimal Classification | Non-fiction | Central Library, University of Rajshahi | Central Library, University of Rajshahi | 29/10/1965 | zeitlinger | 30.00 | 338.542 BUS 1957 | 24/11/2016 | C-6 | Books |